| 000 | 01364nam a22002537a 4500 | ||
|---|---|---|---|
| 003 | DO-SdBNP | ||
| 005 | 20260508134417.0 | ||
| 007 | ta | ||
| 008 | 210420b2020 dr ||||| |||| 00| 0 spa d | ||
| 020 | _a9789945617689 | ||
| 040 | 4 |
_aDO-SdBNP _bspa _cBNPHU _erda |
|
| 082 | 4 |
_a248.4 _bC352m _222 |
|
| 100 | 1 |
_aCastillo, W.H _978446 |
|
| 245 | 1 | 0 |
_aMi nueva relación con Jesucristo : _bdisfrutando las riquezas de una relación restauradora por fe y vivida por gracia / _cW.H. Castillo |
| 264 |
_aSanto Domingo : _bSantuario, _c2020. |
||
| 300 |
_a152 p. ; _c24 cm. |
||
| 336 |
_2rdacontent _atexto _btxt |
||
| 505 | 0 |
_aAgradecimiento -- _tDedicatoria -- _tIntroducción -- _gCapitulo 1. _tCreados para vivir en comunión con Dios -- _gCapitulo 2. _tRelación quebrantada por el pegado -- _gCapaitulo 3. _tEl arependimiento. La puerta de entrada a una nueva relación con Jesucristo -- _gCapitulo 4. _tUna nueva posición en mi nueva relación -- _gCapitulo 5. _tBeneficios de mi nueva relación con Jesucristo -- _gCapitulo 6. _tPrfundizando en mi nueva relación con Jesucristo -- _gCapitulo 7. _tDisfrutando de mi nueva relación con Jesucristo -- _tQuiero ser amigo de Dios -- _tConclusión -- _tNotas. |
|
| 590 | _aInventariado, 2021 / SA | ||
| 650 | 0 |
_aFe _91024 |
|
| 650 | 0 |
_aVida cristiana _9668 |
|
| 910 | _aSaquino/Validado. Control de calidad MFF | ||
| 942 |
_2ddc _cLBS1 |
||
| 999 |
_c49765 _d49765 |
||